000 00554nam a22002175i 4500
001 18096828
003 OSt
005 20160926042526.0
008 140331s2014 mau 000 0 eng
010 _a 2014937052
020 _a9780124114708
040 _aDLC
_beng
_erda
_cDLC
042 _apcc
100 1 _aGrimnes, Sverre.
245 1 0 _aBioimpedance and bioelectricity basics /
_cSverre Grimnes.
263 _a1409
300 _apages cm
906 _a0
_bibc
_corignew
_d2
_eepcn
_f20
_gy-gencatlg
942 _2ddc
_cBK
999 _c53988
_d53985